Hypixel Skyblock Trivia - Statistics

General Stats
  • This quiz has been taken 251 times
    246 since last reset
  • The average score is 17 of 50
Answer Stats
Question Answer % Correct
Where can you find Spaceman? Garden
74%
What does Hardened Mana conflict with? Mana Vampire
70%
What is the requirement for using a Weird Tuba? Wolf Slayer 5
68%
How many coins does it cost to buy a Void Sword from the Lone Adventurer in The End? 200,000
57%
What can explosive arrows be purchased with? Block of Coal
57%
The Enchanted Lava Bucket increases the speed of minions by how much? 25%
54%
The quote "In the midst of chaos, there is also opportunity." appears on what item? The Art Of War
54%
What is the NPC sell price of Seeds? 3 Coins
49%
How many coins does it cost to buy Dark Goggles from Ophelia in the Hub? 80,000
49%
Where can you find Bea? Pet Care
48%
Which of the following are not in the Dwavern Mines? Photon Pathway
48%
Where can you obtain Rough Opal Gemstones? Smoldering Tomb
47%
What is the description of the Old Dragon? They are slower but more healthy, as Dragons never stop growing.
47%
What drops Ender Monocles? Watcher
46%
Depth Strider II reduces how much you are slowed in the water by how much? 67%
43%
Which accessory can be recombobulated? Hocus-Pocus Cipher
43%
How much Swing Range does the fragmented Felthorn Reaper give? 1.5
41%
Bane Of Arthropods cannot be applied on which of the following item types? Shortbow
41%
How many points does it cost to buy a Bingo Display from the Bingo Shop? 50
40%
What do Not Chickens drop when a Berberis Blowgun is used on it? Metaphoric Egg
40%
How many types of essences are there? 8
39%
Which of the following locations are not in the Rift? The Dukedom
39%
What is the requirement for using an Implosion Belt? Combat Level 22
35%
How many Fuming Potato Books can you apply to one item? 5
34%
What is the requirement for using the Mithril Gauntlet? Heart of the Mountain Tier 2
32%
How many skills are there? (Including cosmetics) 12
31%
Which of the following locations doesn't contain Emeralds? Far Reserve
31%
What symbol is used to represent Glacite Powder?
30%
Which of the following does not exist? Replenish III Enchanted Book
30%
What rarity is the Royal Compass? Rare
28%
Where can you find Gregory? Dragon's Nest
25%
Which mob is not considered as a miniboss? Endstone Protector
25%
Which of the following locations are not in the Hub? Village Plaza
25%
What drops Conjurings? Withermancer
23%
Which item can you not buy from a merchant? Spray Can
21%
How many masks does Doug sell? 6
19%
Who gives you the Fallen Star Lozenge? Silnar
19%
What drops Earth Shards? Super Tank Zombie
18%
What passive ability does the Shadow Assassin Boots have? On teleport: Restores 10 mana.
15%
How many NPCs are in Unincorporated? 1
14%
How many Motes Grubbers are there in total? 3
14%
How many motes does it cost to buy a Reflection I Enchanted Book Bundle? 5,000
13%
Where do Barking Wolves spawn? The Bastion
13%
Where do Undead Skeletons spawn? Catacombs Floor 2
12%
Where does the Miner's Guild in the Dwavern Mines lead to? Upper Mines
12%
In which of the following floors can you obtain Bonzo Fragments? Floor V
9%
Where is Kaeman's lab located? The End
8%
What does the Scarf's Thesis grant in the rift? +11 Rift Time
7%
Which of the following is not an attack of the Undead Mage? Teleport
7%
What is the requirement for entering the Throne Room? Combat Level 22
5%
No matching quizzes found
Score Distribution
Percent of People with Each Score
Percentile by Number Answered
Your Score History
You have not taken this quiz since the last reset